000 00728nam a2200181Ia 4500
008 151202s9999||||xx |||||||||||||| ||und||
082 _bPNVM-82247
100 _aजावडेकर मुरलीधर.
245 _aकेशवसुत गातचि बसले!.
260 _b"मुरलीधर जावडेकर साहित्यकला प्रतिष्ठान,पुणे."
260 _c2012
300 _a67
600 _aजावडेकर मुरलीधर.
630 _aकेशवसुत गातचि बसले!.
700 _aजावडेकर मुरलीधर.
730 _aकेशवसुत गातचि बसले!.
942 _cBOOK
999 _c1346855
_d1346852